000 00288nam a22001337a 4500
008 170309b xxu||||| |||| 00| 0 eng d
020 _a9780070272354
041 _aeng
080 _27 ED
_a611
100 _a6
101 _aSHM
245 _aHUMAN PHYSIOLOGY
_cFOX.S.I
942 _2udc
_cBK
999 _c7275
_d7275